NBA: Warriors Scoring Leader Every Season - Statistics

General Stats
  • This quiz has been taken 93 times
  • The average score is 37 of 77
Answer Stats
Season PPG Position Answer % Correct
2023 29.4 G Stephen Curry
100%
2022 25.5 G Stephen Curry
100%
2021 32.0 G Stephen Curry
100%
2019 27.3 G Stephen Curry
100%
2017 25.3 G Stephen Curry
100%
2016 30.1 G Stephen Curry
100%
2015 23.8 G Stephen Curry
100%
2014 24.0 G Stephen Curry
100%
2013 22.9 G Stephen Curry
100%
2018 26.4 F Kevin Durant
96%
1965 38.9 C Wilt Chamberlain
84%
1964 36.9 C Wilt Chamberlain
84%
1963 44.8 C Wilt Chamberlain
84%
1962 50.4 C Wilt Chamberlain
84%
1961 38.4 C Wilt Chamberlain
84%
1960 37.6 C Wilt Chamberlain
84%
1993 25.9 F Chris Mullin
73%
1992 25.6 F Chris Mullin
73%
1991 25.7 F Chris Mullin
73%
1990 25.1 F Chris Mullin
73%
1989 26.5 F Chris Mullin
73%
1978 23.1 F Rick Barry
70%
1977 21.8 F Rick Barry
70%
1976 21.0 F Rick Barry
70%
1975 30.6 F Rick Barry
70%
1974 25.1 F Rick Barry
70%
1973 22.3 F Rick Barry
70%
1967 35.6 F Rick Barry
70%
1966 25.7 F Rick Barry
70%
2012 21.9 G Monta Ellis
56%
2011 24.1 G Monta Ellis
56%
2010 25.5 G Monta Ellis
56%
2008 21.8 G Baron Davis
49%
2007 20.1 G Baron Davis
49%
1959 26.4 F Paul Arizin
49%
1958 20.7 F Paul Arizin
49%
1957 25.6 F Paul Arizin
49%
1956 24.2 F Paul Arizin
49%
1952 25.4 F Paul Arizin
49%
2020 23.6 G D'Angelo Russell
39%
2006 23.2 G Jason Richardson
34%
2005 21.7 G Jason Richardson
34%
2004 18.7 G Jason Richardson
34%
1998 21.4 G Latrell Sprewell
30%
1997 24.2 G Latrell Sprewell
30%
1996 18.9 G Latrell Sprewell
30%
1995 20.6 G Latrell Sprewell
30%
1994 21.0 G Latrell Sprewell
30%
1979 19.9 G Phil Smith
26%
1987 21.2 C Joe Barry Carroll
25%
1983 24.1 C Joe Barry Carroll
25%
2009 20.7 F Stephen Jackson
25%
1951 18.7 F Joe Fulks
24%
1950 14.2 F Joe Fulks
24%
1949 26.0 F Joe Fulks
24%
1948 22.1 F Joe Fulks
24%
1947 23.2 F Joe Fulks
24%
1955 22.7 C Neil Johnston
23%
1954 24.4 C Neil Johnston
23%
1953 22.3 C Neil Johnston
23%
2003 22.2 F Antawn Jamison
19%
2002 19.7 F Antawn Jamison
19%
2001 24.9 F Antawn Jamison
19%
1986 25.5 F Purvis Short
19%
1985 28.0 F Purvis Short
19%
1984 22.8 F Purvis Short
19%
1988 21.2 G Sleepy Floyd
15%
1982 23.2 F Bernard King
14%
1972 21.5 G Jeff Mullins
13%
1971 20.8 G Jeff Mullins
13%
1970 22.1 G Jeff Mullins
13%
1969 22.8 G Jeff Mullins
13%
1980 17.0 C Robert Parish
9%
1981 24.1 G World B. Free
8%
1968 21.8 F Rudy LaRusso
5%
1999 13.8 G John Starks
4%
2000 22.7 G Larry Hughes
3%
No matching quizzes found
Score Distribution
Percent of People with Each Score
Percentile by Number Answered
Your Score History
You have not taken this quiz